| 000 | 01672cam a2200373 a 4500 | ||
|---|---|---|---|
| 001 | 15322420 | ||
| 005 | 20080820150628.0 | ||
| 008 | 080609s2008 maua b 001 0 eng c | ||
| 010 | _a 2008297931 | ||
| 020 | _a9781435498839 | ||
| 020 | _a1435498836 | ||
| 035 | _a(OCoLC)ocn144223914 | ||
| 040 |
_aBTCTA _cBTCTA _dBAKER _dYDXCP _dWAU _dDLC |
||
| 042 | _apcc | ||
| 050 | 0 | 0 |
_aHV8079.C65 _bG85 2008 |
| 082 |
_221 _a005.8 _bNEL |
||
| 100 |
_aNelson,Bill. _911330 |
||
| 245 | 0 | 0 |
_aGuide to computer forensics and investigations / _cby Bill Nelson ... [et al.]. |
| 246 | 3 | 0 | _aComputer forensics and investigations |
| 260 |
_aBoston, Mass. : _bThomson Course Technology, _cc2010. |
||
| 300 |
_axxvi, 682 p. : _bill. ; _c24 cm. + _e1 DVD-ROM. |
||
| 500 | _aAccompanying DVD contains project files and software tools. | ||
| 500 | _aIncludes Index. | ||
| 504 | _aIncludes bibliographical references (p. 619-624) and index. | ||
| 538 | _aSystem requirements for accompanying disc: PC or Macintosh; DVD-ROM drive. | ||
| 650 | 0 |
_aComputer crimes _xInvestigation. _911331 |
|
| 650 | 0 |
_aComputer security. _911332 |
|
| 700 | 1 |
_aNelson, Bill. _911333 |
|
| 856 | 4 | 1 |
_3Table of contents only _uhttp://www.loc.gov/catdir/toc/fy0805/2008297931.html |
| 942 |
_2ddc _cBB |
||
| 999 |
_c13374 _d13374 |
||